Ricostruisci la Carriera del Calciatore - Miralem Pjanić - Statistics

Statistiche generali
  • Questo quiz è stato fatto 7 volte
  • Il punteggio medio è 4 su 7
Statistiche sulle risposte
Hint Risposta % Corretto
2020-2021 Barcellona
83%
2008-2011 Olympique Lione
67%
2021-2022 Beşiktaş
50%
2016-2020 Juventus
50%
2022- Sharjah
50%
2007-2008 Metz
33%
2011-2016 Roma
33%
Nessun quiz corrispondente trovato
Distribuzione punteggi
Percentuale di utenti per punteggio
Percentile per numero di risposta
I tuoi punteggi nel tempo
Non hai fatto questo quiz